| 000 | 00876nam a2200241 a 4500 | ||
|---|---|---|---|
| 001 | BRCA_8272 | ||
| 005 | 20190320210215.0 | ||
| 008 | 090614s1786----fr-####f##---#000-0#fre-# | ||
| 041 | _afre | ||
| 044 | _afr | ||
| 050 | 4 |
_aND1625 _b.J6 1786 |
|
| 100 | 1 |
_aJoullain, C. F. _920654 |
|
| 245 | 1 | 0 |
_aReflexions sur la peinture et la gravure _baccompagnées d´une courte dissertation sur le comerce de la curiosité et le ventes en general _couvrage utile aux amateurs, aux artistes et aux marchands par C. F. Joullain, fils ainé. |
| 260 |
_aParís _bClaude Lamort _c1786 |
||
| 300 |
_a228 p. _c18 cm. |
||
| 500 | _aFe de erratas en la página 139 línea 5 y en la página 189 línea 2 | ||
| 500 | _aEstado físico: lomo roto parcialmente | ||
| 500 | _aS51 | ||
| 650 | 1 | 4 |
_aPintura _vComercio _920655 |
| 650 | 1 | 4 |
_aGrabados _vComercio _920656 |
| 902 | _aGFM | ||
| 942 |
_2lcc _cB |
||
| 999 |
_c7940 _d7940 |
||